[Event "FIDE Olympiad Disabilties 2020"]
[Site "Online"]
[Date "2020.11.21"]
[Round "5.12"]
[White "Molina Valdes, Luisa Fernanda"]
[Black "Kavlekar, Sanjay R."]
[Result "1/2-1/2"]
[WhiteElo "1651"]
[BlackElo "1730"]
[Annotator "NA RC"]
[PlyCount "93"]
[EventDate "2020.11.21"]
[EventType "team-tourn"]
[EventCountry "NET"]
[SourceTitle "playchess.com"]
[Source "ChessBase"]
[SourceQuality "1"]
[WhiteTeam "Colombia"]
[BlackTeam "India"]
[WhiteTeamCountry "COL"]
[BlackTeamCountry "IND"]

1. e4 d6 2. d4 Nf6 3. Nc3 g6 4. Nf3 Bg7 5. Be2 O-O 6. Bg5 c6 7. Qd2 Nbd7 8. O-O-O Qa5 9. h4 h5 10. Bh6 Nb6 11. Bxg7 Kxg7 12. e5 dxe5 13. Nxe5 Be6 14. g4 Nxg4 15. Bxg4 Bxg4 16. Nxg4 hxg4 17. Qe2 Nd5 18. Nxd5 Qxd5 19. a3 b5 20. Qxg4 a5 21. h5 Rh8 22. h6+ Rxh6 23. Rxh6 Kxh6 24. Qh4+ Kg7 25. Qxe7 Rh8 26. Qe5+ Qxe5 27. dxe5 Rh5 28. f4 Rf5 29. Rd4 Kf8 30. Kd2 f6 31. exf6 Rxf6 32. Ke3 Ke7 33. Re4+ Kd6 34. Rd4+ Ke6 35. Re4+ Kd5 36. b3 c5 37. Re5+ Kd6 38. Ke4 Re6 39. Rxe6+ Kxe6 40. c3 b4 41. cxb4 cxb4 42. axb4 axb4 43. Ke3 Kf6 44. Ke4 Ke6 45. Ke3 Kd5 46. Kd3 Ke6 47. Ke3 1/2-1/2

[Event "FIDE Olympiad Disabilties 2020"]
[Site "Online"]
[Date "2020.11.21"]
[Round "5.12"]
[White "Marimuthu K"]
[Black "Molina, Gildardo"]
[Result "0-1"]
[WhiteElo "1588"]
[BlackElo "1998"]
[Annotator "TA"]
[PlyCount "82"]
[EventDate "2020.11.21"]
[EventType "team-tourn"]
[EventCountry "NET"]
[SourceTitle "playchess.com"]
[Source "ChessBase"]
[SourceQuality "1"]
[WhiteTeam "India"]
[BlackTeam "Colombia"]
[WhiteTeamCountry "IND"]
[BlackTeamCountry "COL"]

1. d4 d5 2. c4 e6 3. Nc3 Nf6 4. cxd5 exd5 5. Bg5 Be7 6. e3 O-O 7. Bd3 Nbd7 8. Qc2 h6 9. Bh4 c5 10. Nge2 c4 11. Bf5 Re8 12. O-O Nf8 13. Rad1 Ne4 14. Bxe7 Rxe7 15. Bxc8 Rxc8 16. Ng3 Nxg3 17. hxg3 Qd7 18. Rfe1 b5 19. a3 a5 20. a4 b4 21. Nb5 Nh7 22. e4 dxe4 23. Rxe4 Rxe4 24. Qxe4 Nf6 25. Qc2 Nd5 26. Re1 c3 27. Re5 b3 28. Qc1 c2 29. Kh2 Nb4 30. Qe3 c1=Q 31. Qe4 Qc2 32. Qe3 Qxb2 33. Re7 Qf5 34. g4 Qfxf2 35. Re8+ Rxe8 36. Qxe8+ Kh7 37. Qe4+ g6 38. g5 Qbd2 39. d5 Qxg5 40. d6 Qh5+ 41. Qh4 Qhxh4# 0-1

[Event "FIDE Olympiad Disabilties 2020"]
[Site "Online"]
[Date "2020.11.21"]
[Round "5.12"]
[White "Murahari A H"]
[Black "Giraldo Bohorquez, Lucas"]
[Result "0-1"]
[WhiteElo "1210"]
[BlackElo "1693"]
[Annotator "NA RC"]
[PlyCount "98"]
[EventDate "2020.11.21"]
[EventType "team-tourn"]
[EventCountry "NET"]
[SourceTitle "playchess.com"]
[Source "ChessBase"]
[SourceQuality "1"]
[WhiteTeam "India"]
[BlackTeam "Colombia"]
[WhiteTeamCountry "IND"]
[BlackTeamCountry "COL"]

1. d4 d5 2. c4 e6 3. Nc3 Be7 4. Nf3 Nf6 5. e3 O-O 6. Bd3 dxc4 7. Bxc4 a6 8. O-O b5 9. Bd3 Bb7 10. Re1 Nbd7 11. e4 c5 12. e5 Nd5 13. Nxd5 Bxd5 14. Be4 Nb6 15. Bf4 Bxe4 16. Rxe4 c4 17. Qd2 Nd5 18. Bg5 Bxg5 19. Nxg5 h6 20. Nf3 b4 21. Rg4 Kh8 22. Rh4 Kg8 23. Rg4 Kh7 24. Qc2+ Kh8 25. Qxc4 Qc8 26. Qd3 Qc6 27. Rh4 Rfc8 28. h3 Qc2 29. Qxc2 Rxc2 30. Rb1 Rac8 31. Re4 Nb6 32. a3 a5 33. axb4 axb4 34. b3 Nd5 35. Ree1 Nc3 36. Rbc1 Rxc1 37. Rxc1 Ne2+ 38. Kh2 Nxc1 39. Nd2 Rc3 40. f3 Nxb3 41. Ne4 Rc2 42. Kg3 Nxd4 43. Nd6 b3 44. Nxf7+ Kg8 45. Nd6 b2 46. Ne4 b1=Q 47. h4 Nf5+ 48. Kg4 Rxg2+ 49. Kh5 g6# 0-1

[Event "FIDE Olympiad Disabilties 2020"]
[Site "Online"]
[Date "2020.11.21"]
[Round "5.13"]
[White "Fernandez Manrique, Agustin"]
[Black "Ostry, Irina"]
[Result "0-1"]
[WhiteElo "2090"]
[BlackElo "2147"]
[Annotator "TA"]
[PlyCount "74"]
[EventDate "2020.11.21"]
[EventType "team-tourn"]
[EventCountry "NET"]
[SourceTitle "playchess.com"]
[Source "ChessBase"]
[SourceQuality "1"]
[WhiteTeam "Spain"]
[BlackTeam "Kyrgyzstan"]
[WhiteTeamCountry "ESP"]
[BlackTeamCountry "KGZ"]

1. c4 e5 2. Nc3 Nf6 3. Nf3 Nc6 4. e4 Bb4 5. d3 d6 6. a3 Bxc3+ 7. bxc3 h6 8. Be2 O-O 9. O-O Ne7 10. Ne1 Ng6 11. g3 c6 12. f4 Bh3 13. Rf2 d5 14. cxd5 cxd5 15. fxe5 Nxe5 16. d4 Neg4 17. Rf4 h5 18. e5 Ne4 19. Qd3 Rc8 20. c4 Qa5 21. Bb2 f5 22. exf6 Rxf6 23. cxd5 Rxf4 24. gxf4 Ngf2 25. Qb3 Bg4 26. Bxg4 hxg4 27. d6+ Kh8 28. d7 Rf8 29. Nd3 Qd2 30. Nxf2 Qxf2+ 31. Kh1 Qxf4 32. Rg1 Nf2+ 33. Kg2 Qe4+ 34. Kg3 Rf3+ 35. Kh4 Qe7+ 36. Kh5 Rf5+ 37. Kg6 Rg5# 0-1

[Event "FIDE Olympiad Disabilties 2020"]
[Site "Online"]
[Date "2020.11.21"]
[Round "5.13"]
[White "Arstanbekov, Dzhanysh"]
[Black "Olivera Gutierrez, Albert"]
[Result "1/2-1/2"]
[WhiteElo "1729"]
[BlackElo "2097"]
[Annotator "TA"]
[PlyCount "91"]
[EventDate "2020.11.21"]
[EventType "team-tourn"]
[EventCountry "NET"]
[SourceTitle "playchess.com"]
[Source "ChessBase"]
[SourceQuality "1"]
[WhiteTeam "Kyrgyzstan"]
[BlackTeam "Spain"]
[WhiteTeamCountry "KGZ"]
[BlackTeamCountry "ESP"]

1. e4 d5 2. exd5 Nf6 3. d4 Bg4 4. Be2 Bxe2 5. Qxe2 Qxd5 6. Nf3 e6 7. O-O Nc6 8. c3 Be7 9. Bf4 Qd7 10. Ne5 Nxe5 11. dxe5 Nd5 12. Bg3 O-O 13. c4 Nb6 14. Rd1 Qc6 15. b3 a5 16. Nc3 a4 17. Nb5 axb3 18. axb3 Bc5 19. h3 Rxa1 20. Rxa1 Nc8 21. Kh2 Qb6 22. Rb1 c6 23. Nc3 Ne7 24. Na4 Qb4 25. Nxc5 Qxc5 26. f4 Qd4 27. Rd1 Qb6 28. Qf3 Rd8 29. Bf2 Qc7 30. Rd3 Ng6 31. g3 Nf8 32. Qd1 Rxd3 33. Qxd3 Qd7 34. Qxd7 Nxd7 35. Kg2 Kf8 36. Kf3 Ke7 37. Ke4 g6 38. g4 Kd8 39. f5 Ke8 40. Bd4 Kf8 41. Kf4 Kg7 42. h4 Kg8 43. Kg5 Kg7 44. Kf4 Kg8 45. Kg5 Kg7 46. Kf4 1/2-1/2

[Event "FIDE Olympiad Disabilties 2020"]
[Site "Online"]
[Date "2020.11.21"]
[Round "5.13"]
[White "Bolotov, Toktobek"]
[Black "Draghici Flutur, Gavril"]
[Result "1/2-1/2"]
[WhiteElo "1448"]
[BlackElo "2072"]
[Annotator "TA"]
[PlyCount "146"]
[EventDate "2020.11.21"]
[EventType "team-tourn"]
[EventCountry "NET"]
[SourceTitle "playchess.com"]
[Source "ChessBase"]
[SourceQuality "1"]
[WhiteTeam "Kyrgyzstan"]
[BlackTeam "Spain"]
[WhiteTeamCountry "KGZ"]
[BlackTeamCountry "ESP"]

1. d4 d5 2. c4 dxc4 3. Nc3 a6 4. a4 Nc6 5. e3 Na5 6. Nf3 Bg4 7. Be2 Nf6 8. Ne5 Bxe2 9. Qxe2 e6 10. Nxc4 Nxc4 11. Qxc4 Be7 12. O-O O-O 13. b3 Rc8 14. Rd1 Qe8 15. Bb2 c6 16. Qd3 Bb4 17. Rac1 Qe7 18. Ne2 Rfd8 19. Qb1 Rc7 20. Nf4 Bd6 21. Nd3 Rcd7 22. Nc5 Bxc5 23. dxc5 Rxd1+ 24. Rxd1 Rxd1+ 25. Qxd1 Qxc5 26. Qd8+ Qf8 27. Bxf6 gxf6 28. Qxf6 Qc5 29. g3 Qd5 30. Qb2 e5 31. Qc2 f6 32. h4 Kg7 33. g4 e4 34. Kf1 Qe6 35. Qd1 Kf7 36. Kg2 Ke7 37. Kg3 Qe5+ 38. Kh3 Qe6 39. Kg3 b5 40. axb5 axb5 41. Qd4 Qd6+ 42. f4 exf3+ 43. Kxf3 Qxd4 44. exd4 Ke6 45. Ke4 b4 46. g5 fxg5 47. hxg5 Kd6 48. Ke3 Ke7 49. Kd3 Ke6 50. Kc4 Kf5 51. Kc5 Ke4 52. Kc4 Ke3 53. Kxb4 Kxd4 54. Ka5 Kc5 55. Ka4 Kb6 56. Kb4 c5+ 57. Kc4 Kc6 58. b4 cxb4 59. Kxb4 Kd5 60. Kc3 Ke4 61. Kd2 Kf4 62. Ke2 Kxg5 63. Kf2 Kh4 64. Kg1 Kg3 65. Kh1 Kh3 66. Kg1 Kg3 67. Kh1 Kh3 68. Kg1 h5 69. Kh1 h4 70. Kg1 Kg3 71. Kh1 h3 72. Kg1 h2+ 73. Kh1 Kh3 1/2-1/2

[Event "FIDE Olympiad Disabilties 2020"]
[Site "Online"]
[Date "2020.11.21"]
[Round "5.13"]
[White "Lago Carballo, Carmen"]
[Black "Rakhatbekov, Tilegen"]
[Result "0-1"]
[WhiteElo "1328"]
[BlackElo "1399"]
[Annotator "NA RC"]
[PlyCount "54"]
[EventDate "2020.11.21"]
[EventType "team-tourn"]
[EventCountry "NET"]
[SourceTitle "playchess.com"]
[Source "ChessBase"]
[SourceQuality "1"]
[WhiteTeam "Spain"]
[BlackTeam "Kyrgyzstan"]
[WhiteTeamCountry "ESP"]
[BlackTeamCountry "KGZ"]

1. e4 c5 2. Nf3 Nc6 3. Bc4 e6 4. O-O d5 5. exd5 exd5 6. Re1+ Be7 7. Bb3 Nf6 8. c3 O-O 9. d3 Bg4 10. h3 Bxf3 11. Qxf3 Bd6 12. Bg5 Re8 13. Nd2 Ne5 14. Qe2 h6 15. Bh4 g5 16. Bg3 c4 17. dxc4 Nxc4 18. Qd3 Bxg3 19. fxg3 Nxb2 20. Qc2 Nc4 21. Nxc4 dxc4 22. Bxc4 Kg7 23. Rad1 Qc7 24. Rxe8 Rxe8 25. Bb5 Qb6+ 26. Rd4 Qxb5 27. Kh2 Re2 0-1

[Event "FIDE Olympiad Disabilties 2020"]
[Site "Online"]
[Date "2020.11.21"]
[Round "5.14"]
[White "Kozhabekov, Adilkhan"]
[Black "Gelman, Gennadiy"]
[Result "1-0"]
[WhiteElo "2080"]
[BlackElo "1919"]
[Annotator "TA"]
[PlyCount "83"]
[EventDate "2020.11.21"]
[EventType "team-tourn"]
[EventCountry "NET"]
[SourceTitle "playchess.com"]
[Source "ChessBase"]
[SourceQuality "1"]
[WhiteTeam "Kazakhstan"]
[BlackTeam "Azerbaijan"]
[WhiteTeamCountry "KAZ"]
[BlackTeamCountry "AZE"]

1. e4 c5 2. Nc3 e6 3. f4 a6 4. a4 Nc6 5. Nf3 d5 6. d3 Be7 7. Be2 Rb8 8. O-O b5 9. axb5 axb5 10. Qe1 d4 11. Nb1 Nf6 12. Qg3 Kf8 13. Kh1 c4 14. Ne5 Qc7 15. Nxc6 Qxc6 16. f5 Qb7 17. e5 Nd5 18. f6 gxf6 19. Bh6+ Ke8 20. Qg7 Rf8 21. exf6 Bd6 22. Bf3 Bd7 23. Nd2 Bc6 24. Ne4 Kd7 25. Nxd6 Kxd6 26. Qg3+ e5 27. Bxf8+ Rxf8 28. Bxd5 Bxd5 29. Rfe1 Re8 30. Re2 Qc8 31. Rae1 Qf5 32. Rf2 Qg6 33. Qh3 Re6 34. dxc4 bxc4 35. Qa3+ Kd7 36. Qa7+ Kd6 37. Qb8+ Kd7 38. Rxe5 Rxe5 39. Qxe5 Kc6 40. Qxd4 Qh6 41. Qf4 Qh5 42. Rd2 1-0

[Event "FIDE Olympiad Disabilties 2020"]
[Site "Online"]
[Date "2020.11.21"]
[Round "5.14"]
[White "Shahpalangov, Aydin"]
[Black "Soltanov, Serik"]
[Result "0-1"]
[WhiteElo "1945"]
[BlackElo "2266"]
[Annotator "TA"]
[PlyCount "140"]
[EventDate "2020.11.21"]
[EventType "team-tourn"]
[EventCountry "NET"]
[SourceTitle "playchess.com"]
[Source "ChessBase"]
[SourceQuality "1"]
[WhiteTeam "Azerbaijan"]
[BlackTeam "Kazakhstan"]
[WhiteTeamCountry "AZE"]
[BlackTeamCountry "KAZ"]

1. e4 d6 2. d4 Nf6 3. Nc3 g6 4. Be2 Bg7 5. Be3 c6 6. Bf3 O-O 7. g4 e5 8. dxe5 dxe5 9. Qe2 Be6 10. h4 b5 11. Rd1 Qc8 12. g5 Nh5 13. Bxh5 gxh5 14. f3 Nd7 15. Qf2 Qa6 16. a3 Qa5 17. Nge2 b4 18. axb4 Qxb4 19. b3 f5 20. gxf6 Rxf6 21. Rd3 Raf8 22. Bd2 Nc5 23. Nd5 Nxd3+ 24. cxd3 Qxb3 25. Nxf6+ Rxf6 26. Nc1 Qb6 27. Be3 Qb4+ 28. Bd2 Qf8 29. Ke2 Rxf3 30. Qxa7 Bg4 31. Ke1 Bh6 32. Qa2+ Kh8 33. Bxh6 Qxh6 34. Ne2 Qe3 35. Rf1 Rxf1+ 36. Kxf1 Qxd3 37. Qa8+ Kg7 38. Qb7+ Qd7 39. Qxd7+ Bxd7 40. Kf2 Kf6 41. Ng3 Bg4 42. Nf1 Ke6 43. Ne3 Kf6 44. Nc4 Be6 45. Na5 Bd7 46. Nc4 Ke6 47. Ke3 Bc8 48. Na5 Bd7 49. Nc4 c5 50. Nd2 Bb5 51. Nb3 Kd6 52. Nd2 c4 53. Nb1 Kc5 54. Nc3 Kb4 55. Nd5+ Kb3 56. Kd2 Bc6 57. Nf6 c3+ 58. Kc1 Kc4 59. Nxh7 Bxe4 60. Nf6 Bg6 61. Nd7 Kd4 62. Nf8 Bf5 63. Kd1 Kd3 64. Kc1 c2 65. Kb2 Kd2 66. Ne6 Bxe6 67. Ka3 c1=Q+ 68. Kb4 Qc6 69. Ka3 Qb7 70. Ka4 Qb6 0-1

[Event "FIDE Olympiad Disabilties 2020"]
[Site "Online"]
[Date "2020.11.21"]
[Round "5.14"]
[White "Aghalarov, Habibulla"]
[Black "Zhukovskaya, Nina"]
[Result "1-0"]
[WhiteElo "1923"]
[BlackElo "1475"]
[Annotator "TA"]
[PlyCount "63"]
[EventDate "2020.11.21"]
[EventType "team-tourn"]
[EventCountry "NET"]
[SourceTitle "playchess.com"]
[Source "ChessBase"]
[SourceQuality "1"]
[WhiteTeam "Azerbaijan"]
[BlackTeam "Kazakhstan"]
[WhiteTeamCountry "AZE"]
[BlackTeamCountry "KAZ"]

1. e4 g6 2. d4 d6 3. Be3 Bg7 4. Nc3 Nf6 5. f3 O-O 6. Qd2 Re8 7. Bc4 e5 8. Nge2 Be6 9. Bb3 Bxb3 10. axb3 a6 11. O-O-O Nbd7 12. Bh6 exd4 13. Nxd4 Ne5 14. h4 b5 15. h5 gxh5 16. Nf5 Bh8 17. Bg5 Qd7 18. Bxf6 Bxf6 19. Qh6 Qd8 20. Rxh5 Ng6 21. Qxh7+ Kf8 22. Rdh1 Bg5+ 23. Kb1 Qf6 24. Rxg5 Re5 25. Rgh5 Ke8 26. Qg8+ Nf8 27. Rh6 Qd8 28. Qxf8+ Kd7 29. Rxd6+ cxd6 30. Qxd6+ Kc8 31. Qxe5 Ra7 32. Rh8 1-0

[Event "FIDE Olympiad Disabilties 2020"]
[Site "Online"]
[Date "2020.11.21"]
[Round "5.15"]
[White "Abatantuono Lattarulo, Giuseppe"]
[Black "Alam, Khorshed"]
[Result "1-0"]
[WhiteElo "2112"]
[BlackElo "2065"]
[Annotator "TA"]
[PlyCount "133"]
[EventDate "2020.11.21"]
[EventType "team-tourn"]
[EventCountry "NET"]
[SourceTitle "playchess.com"]
[Source "ChessBase"]
[SourceQuality "1"]
[WhiteTeam "Venezuela"]
[BlackTeam "Bangladesh"]
[WhiteTeamCountry "VEN"]
[BlackTeamCountry "BAN"]

1. e4 c6 2. d4 d5 3. Nc3 dxe4 4. Nxe4 Bf5 5. Ng3 Bg6 6. h4 h6 7. Nf3 Nd7 8. h5 Bh7 9. Bd3 Bxd3 10. Qxd3 Ngf6 11. Bd2 e6 12. O-O-O Qc7 13. Qe2 O-O-O 14. Ne5 Nxe5 15. dxe5 Nd5 16. c4 Nb4 17. Bxb4 Bxb4 18. f4 Rxd1+ 19. Rxd1 Rd8 20. Ne4 f5 21. Rxd8+ Qxd8 22. a3 Be7 23. Nd2 Qd4 24. g3 Qg1+ 25. Nf1 Bc5 26. Kc2 Qf2 27. Qxf2 Bxf2 28. Kd3 a5 29. b3 Kc7 30. Ke2 Bc5 31. a4 b5 32. Nh2 Bg1 33. Nf3 Bc5 34. Ne1 Kb6 35. Nd3 Bd4 36. Kf3 bxa4 37. bxa4 Kc7 38. g4 Kd7 39. gxf5 exf5 40. Ne1 Ke6 41. Nc2 Bc5 42. Na1 Bb4 43. Nb3 c5 44. Na1 Bc3 45. Nc2 Bd2 46. Na3 Kf7 47. Nb5 Ke6 48. Nc7+ Kd7 49. Nd5 Ke6 50. Nc7+ Kd7 51. Nb5 Ke6 52. Nd6 Bc3 53. Ne8 Kf7 54. Nc7 Bd2 55. Na6 g5 56. hxg6+ Kxg6 57. Nxc5 Bb4 58. Nd3 Bc3 59. Kg3 Bd2 60. Kh4 Be3 61. c5 Kf7 62. Kh5 Ke6 63. c6 Bb6 64. Kxh6 Kd5 65. Kg6 Ke4 66. e6 Bd8 67. c7 1-0

[Event "FIDE Olympiad Disabilties 2020"]
[Site "Online"]
[Date "2020.11.21"]
[Round "5.15"]
[White "Husain, Ejaz"]
[Black "Rivas Cabrera, Edgar"]
[Result "0-1"]
[WhiteElo "1952"]
[BlackElo "2019"]
[Annotator "TA"]
[PlyCount "106"]
[EventDate "2020.11.21"]
[EventType "team-tourn"]
[EventCountry "NET"]
[SourceTitle "playchess.com"]
[Source "ChessBase"]
[SourceQuality "1"]
[WhiteTeam "Bangladesh"]
[BlackTeam "Venezuela"]
[WhiteTeamCountry "BAN"]
[BlackTeamCountry "VEN"]

1. e4 c5 2. Nf3 d6 3. g3 Nf6 4. d3 g6 5. Bg2 Bg7 6. O-O O-O 7. c3 Nc6 8. Re1 a6 9. d4 cxd4 10. Nxd4 Bd7 11. h3 Qc7 12. Be3 Rab8 13. Na3 b5 14. Nac2 e6 15. Qc1 Ne5 16. Bh6 Nd3 17. Qg5 Nxe1 18. Rxe1 Qc5 19. Qd2 Rfd8 20. Bxg7 Kxg7 21. Ne3 Qc8 22. Ndc2 Bc6 23. Ng4 Nxg4 24. hxg4 e5 25. Bf3 Qe6 26. Kg2 Rh8 27. Rh1 h6 28. a3 Rbd8 29. Ne3 Qc8 30. Nd5 Qb7 31. Rd1 Bxd5 32. Qxd5 Qxd5 33. Rxd5 Kf6 34. Bd1 Ke7 35. Bc2 Rb8 36. Kf3 h5 37. gxh5 Rxh5 38. Rd1 Rh2 39. Ke3 Rhh8 40. Bb3 Rh2 41. Bc2 Rh6 42. Bb3 f5 43. Bd5 Rh3 44. Ke2 Rh2 45. Rd2 Rf8 46. Ke3 f4+ 47. gxf4 exf4+ 48. Kd4 g5 49. e5 g4 50. Re2 g3 51. exd6+ Kxd6 52. Re6+ Kd7 53. fxg3 f3 0-1

[Event "FIDE Olympiad Disabilties 2020"]
[Site "Online"]
[Date "2020.11.21"]
[Round "5.15"]
[White "Abiad Parra, Victor"]
[Black "Sarkar, Bappi"]
[Result "0-1"]
[WhiteElo "1860"]
[BlackElo "1808"]
[Annotator "NA RC"]
[PlyCount "116"]
[EventDate "2020.11.21"]
[EventType "team-tourn"]
[EventCountry "NET"]
[SourceTitle "playchess.com"]
[Source "ChessBase"]
[SourceQuality "1"]
[WhiteTeam "Venezuela"]
[BlackTeam "Bangladesh"]
[WhiteTeamCountry "VEN"]
[BlackTeamCountry "BAN"]

1. e4 c5 2. Nf3 Nc6 3. d4 cxd4 4. Nxd4 e5 5. Nb5 d6 6. c4 a6 7. N5c3 Be6 8. Nd5 Bxd5 9. cxd5 Nd4 10. Bd3 Nf6 11. O-O Be7 12. Be3 Nb5 13. Nd2 Nc7 14. Rc1 Rc8 15. Qe2 O-O 16. Rc3 Qd7 17. h3 Na8 18. Rfc1 Rxc3 19. Rxc3 Rc8 20. Qd1 Rxc3 21. bxc3 Qc8 22. Qb3 Nd7 23. Nc4 Qc7 24. a4 b6 25. Na3 Qb7 26. Nc2 Nc5 27. Bxc5 dxc5 28. Ne3 g6 29. Bc4 Bd6 30. Be2 Nc7 31. Nc4 Bf8 32. Qxb6 Qxb6 33. Nxb6 Kg7 34. Nc8 Ne8 35. Bxa6 Nd6 36. Nxd6 Bxd6 37. Kf1 Kf6 38. Ke2 Ke7 39. Bb5 Bc7 40. Kd3 f6 41. Kc4 Kd6 42. Bc6 Ba5 43. f3 h6 44. g3 g5 45. g4 Kc7 46. Kxc5 Bxc3 47. d6+ Kd8 48. Kd5 Bd4 49. Ke6 Bc5 50. a5 Bb4 51. a6 Bc5 52. Kxf6 Bd4 53. Kg6 Kc8 54. Kxh6 Be3 55. Kg6 Kb8 56. Kf5 Bc5 57. Kxe5 Ka7 58. Kd5 Bb4 0-1

[Event "FIDE Olympiad Disabilties 2020"]
[Site "Online"]
[Date "2020.11.21"]
[Round "5.15"]
[White "Marufa Azad, Sukanna"]
[Black "Palacios Figueroa, Barbara del Valle"]
[Result "1/2-1/2"]
[WhiteElo "1164"]
[BlackElo "1724"]
[Annotator "NA RC"]
[PlyCount "68"]
[EventDate "2020.11.21"]
[EventType "team-tourn"]
[EventCountry "NET"]
[SourceTitle "playchess.com"]
[Source "ChessBase"]
[SourceQuality "1"]
[WhiteTeam "Bangladesh"]
[BlackTeam "Venezuela"]
[WhiteTeamCountry "BAN"]
[BlackTeamCountry "VEN"]

1. e4 c6 2. d4 d5 3. Nc3 dxe4 4. Nxe4 Bf5 5. Nc3 e6 6. Nf3 Nf6 7. Be3 Bd6 8. Bg5 Nbd7 9. Qe2 h6 10. Bh4 Qa5 11. Qd2 O-O-O 12. Bd3 Bxd3 13. Qxd3 g5 14. Bg3 Bxg3 15. hxg3 Ng4 16. Nd2 Nde5 17. Qe2 Rxd4 18. Nb3 Qb6 19. Nxd4 Qxd4 20. f3 Nf6 21. Rd1 Qc5 22. a3 Ng6 23. Ne4 Nxe4 24. Qxe4 Ne7 25. b4 Qc3+ 26. Ke2 Nf5 27. Rh3 g4 28. Qxg4 Qxc2+ 29. Rd2 Qc3 30. a4 Qe3+ 31. Kd1 Qb3+ 32. Ke2 Qe3+ 33. Kd1 Qb3+ 34. Ke2 Qe3+ 1/2-1/2

[Event "FIDE Olympiad Disabilties 2020"]
[Site "Online"]
[Date "2020.11.21"]
[Round "5.16"]
[White "Filippskikh, Oleksii"]
[Black "Tsitou, Dzmitry"]
[Result "1/2-1/2"]
[WhiteElo "1983"]
[BlackElo "1773"]
[Annotator "TA"]
[PlyCount "60"]
[EventDate "2020.11.21"]
[EventType "team-tourn"]
[EventCountry "NET"]
[SourceTitle "playchess.com"]
[Source "ChessBase"]
[SourceQuality "1"]
[WhiteTeam "Ukraine"]
[BlackTeam "Belarus"]
[WhiteTeamCountry "UKR"]
[BlackTeamCountry "BLR"]

1. d4 Nf6 2. c4 e5 3. dxe5 Ng4 4. Nf3 Bc5 5. e3 Nc6 6. Be2 Ngxe5 7. O-O O-O 8. b3 Nxf3+ 9. Bxf3 Qf6 10. Bxc6 dxc6 11. Qc2 Qxa1 12. Nc3 Bf5 13. e4 Bxe4 14. Nxe4 Qe5 15. Ng5 g6 16. Nf3 Qf5 17. Qb2 Rfe8 18. b4 Bf8 19. b5 Bg7 20. Qb3 c5 21. a4 b6 22. a5 Rad8 23. axb6 axb6 24. Be3 Bd4 25. Bg5 Bf6 26. Bxf6 Qxf6 27. Qc2 Qf4 28. h3 Re4 29. Rc1 Rde8 30. Qc3 h5 1/2-1/2

[Event "FIDE Olympiad Disabilties 2020"]
[Site "Online"]
[Date "2020.11.21"]
[Round "5.16"]
[White "Pokotaiev, Vladyslav"]
[Black "Rosikhin, Igor"]
[Result "0-1"]
[WhiteElo "1839"]
[BlackElo "1832"]
[Annotator "NA RC"]
[PlyCount "68"]
[EventDate "2020.11.21"]
[EventType "team-tourn"]
[EventCountry "NET"]
[SourceTitle "playchess.com"]
[Source "ChessBase"]
[SourceQuality "1"]
[WhiteTeam "Ukraine"]
[BlackTeam "Belarus"]
[WhiteTeamCountry "UKR"]
[BlackTeamCountry "BLR"]

1. e4 g6 2. d4 Bg7 3. Nc3 c5 4. dxc5 Bxc3+ 5. bxc3 Qa5 6. Bd2 Qxc5 7. Bd3 Nf6 8. Ne2 Qc7 9. O-O Nc6 10. Nd4 d6 11. Kh1 b6 12. Qe2 Bb7 13. f4 O-O-O 14. a4 h5 15. Nb5 Qd7 16. c4 a6 17. Nc3 e6 18. Be3 Qc7 19. Rfb1 Nd7 20. Qf2 Nc5 21. Rb2 Nb8 22. Rab1 Nbd7 23. h3 f5 24. Bxc5 dxc5 25. e5 h4 26. a5 Rdg8 27. axb6 Qc6 28. Be2 Kb8 29. Bf3 Qc8 30. Rd1 g5 31. Bxb7 Qxb7 32. fxg5 Rxg5 33. Rg1 Rg3 34. Ne2 Rxh3# 0-1

[Event "FIDE Olympiad Disabilties 2020"]
[Site "Online"]
[Date "2020.11.21"]
[Round "5.16"]
[White "Mikhalionak, Alena"]
[Black "Baklanova, Tatiana"]
[Result "0-1"]
[WhiteElo "1508"]
[BlackElo "2213"]
[Annotator "TA"]
[PlyCount "68"]
[EventDate "2020.11.21"]
[EventType "team-tourn"]
[EventCountry "NET"]
[SourceTitle "playchess.com"]
[Source "ChessBase"]
[SourceQuality "1"]
[WhiteTeam "Belarus"]
[BlackTeam "Ukraine"]
[WhiteTeamCountry "BLR"]
[BlackTeamCountry "UKR"]

1. d4 Nf6 2. c4 d6 3. Nc3 Nbd7 4. Nf3 e5 5. e3 c6 6. Be2 Be7 7. O-O O-O 8. Qc2 Re8 9. dxe5 dxe5 10. h3 Qc7 11. e4 h6 12. a3 a5 13. Be3 Nf8 14. Rfd1 Ne6 15. Rac1 Bf8 16. Rd3 Nd7 17. Rdd1 Nf4 18. Bxf4 exf4 19. Bf1 Ne5 20. Qe2 Qe7 21. Nxe5 Qxe5 22. f3 Bc5+ 23. Kh1 Be3 24. Rb1 Be6 25. Qc2 Qg5 26. Bd3 Red8 27. Qe2 Rd4 28. Qf1 Rad8 29. Qe2 Qh5 30. Qf1 Rxd3 31. Rxd3 Rxd3 32. Qxd3 Bxh3 33. Qd8+ Kh7 34. gxh3 Qxh3# 0-1

[Event "FIDE Olympiad Disabilties 2020"]
[Site "Online"]
[Date "2020.11.21"]
[Round "5.17"]
[White "Zabala, Fidel"]
[Black "Tellor, Max Dave"]
[Result "0-1"]
[WhiteElo "1909"]
[BlackElo "1771"]
[Annotator "TA"]
[PlyCount "132"]
[EventDate "2020.11.21"]
[EventType "team-tourn"]
[EventCountry "NET"]
[SourceTitle "playchess.com"]
[Source "ChessBase"]
[SourceQuality "1"]
[WhiteTeam "Colombia"]
[BlackTeam "Philippines"]
[WhiteTeamCountry "COL"]
[BlackTeamCountry "PHI"]

1. e4 c6 2. d4 d5 3. exd5 cxd5 4. c4 e6 5. Nf3 Nf6 6. Bd3 a6 7. O-O Be7 8. c5 Nc6 9. Nc3 h6 10. a3 O-O 11. h3 Qc7 12. Re1 Re8 13. Be3 Bf8 14. Rc1 Bd7 15. Bb1 e5 16. dxe5 Nxe5 17. Nxe5 Qxe5 18. Qd2 Bc6 19. Bd4 Qg5 20. Qd3 Rxe1+ 21. Rxe1 Ne4 22. f3 Nf6 23. Bxf6 Bxc5+ 24. Bd4 Bxd4+ 25. Qxd4 g6 26. h4 Qg3 27. Qf2 Qf4 28. Ba2 Rd8 29. Ne2 Qd6 30. Qd4 Re8 31. Kf2 h5 32. Bb1 Qh2 33. Bd3 Bd7 34. Qf6 Re6 35. Qg5 Qd6 36. Rc1 Qb6+ 37. Kf1 Qxb2 38. Qd8+ Kg7 39. Qxd7 Rxe2 40. Bxe2 Qxc1+ 41. Kf2 Qc5+ 42. Kg3 Qe3 43. Qxd5 Qxe2 44. Qxb7 Qe1+ 45. Kh3 Qe6+ 46. g4 hxg4+ 47. fxg4 Qe3+ 48. Kg2 Qxa3 49. Qe4 Qb2+ 50. Kf3 Qc3+ 51. Kg2 a5 52. g5 Qc5 53. Kh1 Qb5 54. Qd4+ Kh7 55. Qa7 Qd5+ 56. Kh2 Kg7 57. Kg3 Qd3+ 58. Kf4 Qc4+ 59. Kg3 a4 60. Qe7 Qc3+ 61. Kg4 a3 62. h5 gxh5+ 63. Kf5 a2 64. g6 Qc2+ 65. Kf4 Qxg6 66. Qa3 Qf6+ 0-1

[Event "FIDE Olympiad Disabilties 2020"]
[Site "Online"]
[Date "2020.11.21"]
[Round "5.17"]
[White "Subaste, Arman"]
[Black "Rosales, Jhon Mike"]
[Result "1-0"]
[WhiteElo "1894"]
[BlackElo "1690"]
[Annotator "NA RC"]
[PlyCount "73"]
[EventDate "2020.11.21"]
[EventType "team-tourn"]
[EventCountry "NET"]
[SourceTitle "playchess.com"]
[Source "ChessBase"]
[SourceQuality "1"]
[WhiteTeam "Philippines"]
[BlackTeam "Colombia"]
[WhiteTeamCountry "PHI"]
[BlackTeamCountry "COL"]

1. e4 e6 2. d3 d5 3. Nd2 c5 4. Ngf3 Nf6 5. g3 Nc6 6. Bg2 Bd6 7. O-O O-O 8. Re1 e5 9. exd5 Nxd5 10. Nc4 Re8 11. Ng5 Nf6 12. c3 Qc7 13. Qb3 Bf8 14. Bxc6 bxc6 15. Nxe5 Nd5 16. Ngxf7 Qxf7 17. Nxf7 Rxe1+ 18. Kg2 Kxf7 19. c4 Nf6 20. Qc3 Re6 21. Be3 Ng4 22. Re1 Bd7 23. h3 Nxe3+ 24. fxe3 Rae8 25. e4 Be7 26. Rf1+ Bf6 27. Qa5 R6e7 28. Qxc5 Kg8 29. b4 a6 30. Qb6 Ra8 31. g4 Be8 32. Qc5 h6 33. Rf5 Rd8 34. Rxf6 gxf6 35. Qxe7 Rb8 36. a3 Bf7 37. Qxf6 1-0